Die teuersten Spieler jeder Nation aus Europa - Statistiken

Allgemein
  • Dieses Quiz wurde 53 mal gespielt
  • Das Durchschnittsergebnis liegt bei 14 aus 55
Antwortstatistiken
Nationen Spieler % Korrekt
Frankreich Mbappe
98%
Spanien Yamal
88%
England Bellingham
86%
Deutschland Wirtz
84%
Norwegen Haaland
81%
Türkei Güler
70%
Polen Lewandowski
65%
Kroatien Gvardiol
53%
Belgien De Bruyne
51%
Schweden Isak
51%
Portugal Ronaldo
51%
Wales Bale
49%
Österreich Alaba
44%
Tschechien Schick
44%
Ungarn Szoboszlai
44%
Niederlande Van Dijk
44%
Schweiz Xhaka
40%
Dänemark Eriksen
37%
Schottland Robertson
37%
Italien Barella
35%
Georgien Kvaratskhelia
30%
Slowenien Oblak
30%
Armenien Mkhitaryan
21%
Ukraine Mudryk
21%
Russland Golovin
19%
Kosovo Rashica
14%
Island Sigurdsson
14%
Bulgarien Berbatov
12%
Nordmazedonien Elmas
12%
Serbien Milinkovic Savic
12%
Bosnien-Herzegowina Pjanic
12%
Montenegro Savic
9%
Slowakei Skriniar
7%
Irland Ferguson
5%
Luxemburg Barreiro
2%
Lichtenstein Büchel
2%
Weißrussland Hleb
2%
Griechenland Manolas
2%
Aserbaidschan Yilmaz
2%
Andorra Alvarez
0%
Nordirland Bradley
0%
Albanien Broja
0%
Malta Cardona
0%
Lettland Cirkin
0%
Färöer Edmundsson
0%
Finnland Eremenko
0%
Zypern Fabiano
0%
Litauen Gineitis
0%
Israel Gloukh
0%
Gibraltar Higginbotham
0%
Estland Klavan
0%
Rumänien Mutu
0%
Moldau Reabciuk
0%
San Marino Selva
0%
Kasachstan Zaynutdinov
0%
Keine übereinstimmenden Quizze gefunden
Verteilung der Resultate
Anzahl Personen mit jedem Resultat
Perzentil nach korrekt beantworteten Fragen
Ihre Resultats-Entwicklung
Sie haben dieses Quiz noch nicht gespielt